Normal view
MARC view
Entry Personal Name
001 - CONTROL NUMBER
- control field: 15110
003 - CONTROL NUMBER IDENTIFIER
- control field: OSt
005 - DATE AND TIME OF LATEST TRANSACTION
- control field: 20211025111535.0
008 - FIXED-LENGTH DATA ELEMENTS
- fixed length control field: 211025|| aca||aabn | a|a d
040 ## - CATALOGING SOURCE
- Original cataloging agency: OSt
- Transcribing agency: OSt
100 ## - HEADING--PERSONAL NAME
- Personal name: Chiang,Alpha C.; Wainwright,Kevin;
670 ## - SOURCE DATA FOUND
- Source citation: Work cat.: (OSt): Chiang,Alpha C.; Wainwright,Kevin;, Fundamental Methods of Mathematical Economics., 2004.
